|
|
|
|
| LEADER |
00000nam a2200000 i 4500 |
| 001 |
in00000000732 |
| 005 |
20251126075706.4 |
| 002 |
526631/Р83-845710 |
| 008 |
080201s2005 unr l000 0yukr d |
| 020 |
|
|
|a 9668458648
|c 14.70 грн
|
| 035 |
|
|
|a ( UA-KiNSAL)526631/Р83-845710
|
| 040 |
|
|
|a UA-KiNSAL
|b ukr
|c UA-KiNSAL
|
| 080 |
|
|
|a 636.09:619(075.8)
|
| 090 |
|
|
|a 636.09:619(075.8)
|b Р83
|
| 100 |
1 |
|
|a Рудик, С.К.
|q (Станіслав Костянтинович),
|e автор.
|
| 245 |
1 |
0 |
|a Курс лекцій з історії ветеринарної медицини =
|b The course of lectures in the history veterinary medicine : /
|c С. К. Рудик; М-во аграр. політики України, Нац. аграр. ун-т
|
| 260 |
|
|
|a К. :
|b Арістей,
|c 2005
|
| 300 |
|
|
|a 132с.
|
| 504 |
|
|
|a Бібліогр. в кінці розд.
|
| 530 |
|
|
|a Original record
|u https://kubg.libs.net.ua/kubg_recs/0000020028.txt
|
| 650 |
0 |
4 |
|a Ветеринарна медицина
|x Історія
|
| 710 |
2 |
1 |
|a М-во аграр. політики України21
|a Нац. аграр. ун-т
|
| 942 |
|
|
|2 UDC
|c BK
|
| 952 |
|
|
|b книга
|z 20080201
|i 526631
|p Kn0005330
|j 526631/Р83-845710
|o 636.09:619(075.8) Р83
|a 67
|g 14.70
|c 1
|
| 920 |
|
|
|a PAZK
|
| 961 |
|
|
|a 691
|
| 991 |
0 |
0 |
|a 526631/Р83-845710
|
| 997 |
|
|
|a 0000020028
|
| 998 |
|
|
|a 20028
|
| 999 |
f |
f |
|i f8ee5a37-a33b-4cd8-be79-9900635ccf2a
|s 7781cd75-dd20-4dbe-8e96-ebc9a48c15fb
|t 0
|